header

Prosody and iconicity (Record no. 63468)

MARC details
000 -LEADER
fixed length control field 01405nam a2200361 a 4500
082 04 - DEWEY DECIMAL CLASSIFICATION NUMBER
Classification number 414/.6
245 00 - TITLE STATEMENT
Title Prosody and iconicity
260 ## - PUBLICATION, DISTRIBUTION, ETC. (IMPRINT)
Place of publication Amsterdam ;
-- Philadelphia :
Name of publisher John Benjamins Pub. Co.,
Year of publication 2013.
300 ## - PHYSICAL DESCRIPTION
Number of Pages xv, 252 p. :
Other physical details ill.
490 1# - SERIES STATEMENT
Series statement Iconicity in language and literature,
650 #0 - SUBJECT ADDED ENTRY--TOPICAL TERM
Topical Term Iconicity (Linguistics)
Topical Term Versification.
Topical Term Language and languages.
700 1# - ADDED ENTRY--PERSONAL NAME
Personal name Hancil, Sylvie.
Personal name Hirst, Daniel.
856 40 - ELECTRONIC LOCATION AND ACCESS
Uniform Resource Identifier http://site.ebrary.com/lib/rucke/Doc?id=10672551

No items available.

© 2026 Rongo University
Contact us: librarian | system librarian | Rongo university